000 00256nam a22001217a 4500
008 170925b xxu||||| |||| 00| 0 eng d
041 _aeng
080 _a37
100 _a46
101 _aEDU
245 _aTHEPAIDEIA PROGRAM
_cADLER,M.J
942 _2udc
_cBK
999 _c29515
_d29515